Z koncepcie daňovej reformy v rokoch 2004 - 2006
Prehľad navrhovaných zmien daní v rokoch 2004 - 2006. Zdaňovanie príjmov. Zdaňovanie majetku. Daň z motorových vozidiel. Zdaňovanie spotreby. Zrušenie niektorých daní.
Salvato in:
| Autore principale: | |
|---|---|
| Natura: | Capitolo di libro |
| Lingua: | slovacco |
| Soggetti: | |
| Tags: |
Nessun Tag, puoi essere il primo ad aggiungerne!!
|
MARC
| LEADER | 00000naa a2200000 4500 | ||
|---|---|---|---|
| 001 | r048322 | ||
| 005 | 20230925124800.3 | ||
| 041 | 0 | |a slo | |
| 044 | |a SK | ||
| 245 | 1 | 0 | |a Z koncepcie daňovej reformy v rokoch 2004 - 2006 |c Ivan Podstupka |
| 520 | |a Prehľad navrhovaných zmien daní v rokoch 2004 - 2006. Zdaňovanie príjmov. Zdaňovanie majetku. Daň z motorových vozidiel. Zdaňovanie spotreby. Zrušenie niektorých daní. | ||
| 610 | 2 | 0 | |a reformy daňové |
| 610 | 2 | 0 | |a dane priame |
| 610 | 2 | 0 | |a dane spotrebné |
| 610 | 2 | 0 | |a dane z darovania |
| 610 | 2 | 0 | |a dane z dedičstva |
| 610 | 2 | 0 | |a dane z hodnoty pridanej |
| 610 | 2 | 0 | |a dane z nehnuteľností |
| 610 | 2 | 0 | |a dane z prevodu a prechodu nehnuteľností |
| 610 | 2 | 0 | |a dane z príjmov |
| 610 | 2 | 0 | |a dane nepriame |
| 610 | 2 | 0 | |a zdaňovanie |
| 610 | 2 | 0 | |a úpravy právne |
| 610 | 2 | 0 | |a Slovensko |
| 100 | 1 | |a Podstupka, Ivan | |